Emerging issues in school education (Record no. 517197)

000 -LEADER
fixed length control field 00338nam a2200121 4500
082 ## - DEWEY DECIMAL CLASSIFICATION NUMBER
Classification number TNC P4x54 D515
100 ## - MAIN ENTRY--PERSONAL NAME
Personal name Dewal, Onkar Singh.
9 (RLIN) 24668
245 ## - TITLE STATEMENT
Title Emerging issues in school education
260 ## - PUBLICATION, DISTRIBUTION, ETC. (IMPRINT)
Place of publication, distribution, etc New Delhi
Name of publisher, distributor, etc Sanskaram
Date of publication, distribution, etc 2008
300 ## - PHYSICAL DESCRIPTION
Extent 145p
650 ## - SUBJECT ADDED ENTRY--TOPICAL TERM
Topical term or geographic name as entry element School education - India
9 (RLIN) 24669
650 ## - SUBJECT ADDED ENTRY--TOPICAL TERM
Topical term or geographic name as entry element School - India
9 (RLIN) 24670

No items available.

Powered by Koha